Loading…

Mary Elizabeth Garrett : Society and Philanthropy in the Gilded Age /

Bibliographic Details
Call Number:Libro Electrónico
Main Author: Sander, Kathleen Waters, 1947-
Format: Electronic eBook
Language:Inglés
Published: Baltimore, Md. : Johns Hopkins University Press, 2008.
Series:Book collections on Project MUSE.
Subjects:
Online Access:Texto completo

MARC

LEADER 00000cam a22000004a 4500
001 musev2_3515
003 MdBmJHUP
005 20230905040436.0
006 m o d
007 cr||||||||nn|n
008 080212s2008 mdu o 00 0 eng d
010 |z  2008006555 
020 |a 9781421404103 
020 |z 9780801888700 
020 |z 9781421438641 
035 |a (OCoLC)607897468 
040 |a MdBmJHUP  |c MdBmJHUP 
050 0 4 |a HV28.G28  |b S26 2008 
082 0 |a 361.7/4092  |a B  |2 22 
100 1 |a Sander, Kathleen Waters,  |d 1947- 
245 1 0 |a Mary Elizabeth Garrett :   |b Society and Philanthropy in the Gilded Age /   |c Kathleen Waters Sander. 
264 1 |a Baltimore, Md. :  |b Johns Hopkins University Press,  |c 2008. 
264 3 |a Baltimore, Md. :  |b Project MUSE,   |c 2012 
264 4 |c ©2008. 
300 |a 1 online resource (360 pages):   |b ill. ; 
336 |a text  |b txt  |2 rdacontent 
337 |a computer  |b c  |2 rdamedia 
338 |a online resource  |b cr  |2 rdacarrier 
504 |a Includes bibliographical references (p. [271]-309) and index. 
505 0 |a Introduction : quiet revolutionary -- Garrett's road -- Ascension -- Expansion and restriction -- After Garrett -- The practical head of the Garrett family -- The scheme -- A pleasure to be bought -- The happiness of getting our work done -- Wise and far-sighted. 
588 |a Description based on print version record. 
600 1 0 |a Garrett, Mary Elizabeth,  |d 1854-1915. 
610 2 0 |a Johns Hopkins University.  |b School of Medicine. 
650 0 |a Women in medicine  |z Maryland  |z Baltimore  |x History. 
650 0 |a Women medical students  |z Maryland  |z Baltimore  |x History. 
650 0 |a Medical education  |z Maryland  |z Baltimore  |x Endowments  |x History. 
650 0 |a Women philanthropists  |z Maryland  |z Baltimore  |v Biography. 
655 7 |a Electronic books.   |2 local 
710 2 |a Project Muse.  |e distributor 
830 0 |a Book collections on Project MUSE. 
856 4 0 |z Texto completo  |u https://projectmuse.uam.elogim.com/book/3515/ 
945 |a Project MUSE - Custom Collection 
945 |a Project MUSE - Archive Complete Foundation 
945 |a Project MUSE - Archive US Regional Studies, New England and Mid Atlantic Foundation